000 01006nam a2200289 i 4500
003 EG-ScBUE
005 20260203104810.0
008 210923s2025 ua f 000 f ara d
017 _a2025 / 2471
020 _a9789778242775
040 _aEG-ScBUE
_bara
_erda
_cEG-ScBUE
_dEG-ScBUE
082 0 4 _a‪892.746
_bأ ب و
_222
100 1 _aأبو بكر، نورهان،
_eمؤلف.
245 1 0 _aمبني على الكسر :
_bرواية /
_cنورهان أبو بكر.
250 _aالطبعة الثانية.
264 1 _aالقاهرة :
_bالرواق للنشر والتوزيع،
_c2025.
300 _a327 صفحة ؛
_c21 سم
336 _2rdacontent
_aنص
_btxt
337 _2rdamedia
_aبدون وسيط
_bn
338 _2rdacarrier
_aمجلد
_bnc
541 _aBook Fair 2026.
650 7 _aالقصص العربية
_yقرن 21.
_2BUEsh
650 7 _aالأدب العربي
_yقرن 21.
_vBUEsh
653 _aBUEsh
_bARALIT
_cFebruary2026
655 7 _2BUEsh
_vReading book
942 _2ddc
999 _c31070
_d31041